Mindboggling Countries II Quiz Stats

 Plays Quiz Updated Feb 17, 2015

Challenge
Share
Tweet
Score 0/11 Timer 04:00
6 Plays Today
Country % Correct
PERU
82.7%
LIBERIA
68.4%
PORTUGAL
59.7%
PARAGUAY
52.2%
URUGUAY
48.2%
NAURU
38.1%
PALAU
35.9%
IRAN
35.1%
BELARUS
34.7%
AUSTRIA
27.6%
AUSTRALIA
24%

You're not logged in!

Compare scores with friends on all Sporcle quizzes.
OR
Log In

You Might Also Like...

Show Comments

Extras

Top Quizzes Today


Score Distribution

Your Account Isn't Verified!

In order to create a playlist on Sporcle, you need to verify the email address you used during registration. Go to your Sporcle Settings to finish the process.

Report this User

Report this user for behavior that violates our Community Guidelines.

Details: